| 000 | 00879nam a22002297a 4500 | ||
|---|---|---|---|
| 999 |
_c5133 _d5133 |
||
| 003 | AR-CdUCM | ||
| 008 | 190312b ||||| |||| 00| 0 spa d | ||
| 040 |
_aMUNICIPALIDAD PROVINCIAL DEL CUSCO _cBIBLIOTECA MUNICIPAL DEL CUSCO |
||
| 082 |
_a708 / _bSA27 |
||
| 100 |
_aSawyer, Alan R. _915606 |
||
| 245 | _aAncient Andean Arts in the Collections of the Krannert Art Museum / | ||
| 260 |
_aUnited States of América : _c1975. |
||
| 300 |
_a183 páginas ; _bFotografías _c28cm |
||
| 505 | _aContenido: Pre-Columbian Collections Fund -- The Geography of Perú -- The Biginnings of Andena Civilization -- The Middle Horizont on the North Coast... | ||
| 650 |
_aAndean Civilization _915607 |
||
| 650 |
_aKingdom _915608 |
||
| 650 |
_aAncient cultures of Peru _915609 |
||
| 650 |
_aPerú _935 |
||
| 710 |
_aUniversity of Illinois _915610 |
||
| 942 |
_2ddc _cLIBROS |
||
| 945 | _anom | ||